Hablamos la misma lengua. Historia política del español en América, desde la conquista a las independencias.
Uloženo v:
| Hlavní autor: | |
|---|---|
| Médium: | Kniha |
| Vydáno: |
Barcelona, España:
Crítica,
2017.
|
| Vydání: | Primera edición. |
| Témata: | |
| Tagy: |
Přidat tag
Žádné tagy, Buďte první, kdo vytvoří štítek k tomuto záznamu!
|
MARC
| LEADER | 00000nam a22000007a 4500 | ||
|---|---|---|---|
| 003 | CL-VaPUC | ||
| 005 | 20220726153108.0 | ||
| 008 | 220722t2017 ||||| |||| 00| 0 eng d | ||
| 999 | |c 437429 |d 437427 | ||
| 020 | |a 9788417067359 | ||
| 040 | |c Pontificia Universidad Católica de Valparaíso | ||
| 082 | |a 467.98 MUÑ 2017 | ||
| 100 | |a Muñoz Machado, Santiago |e autor |9 295515 | ||
| 245 | |a Hablamos la misma lengua. |b Historia política del español en América, desde la conquista a las independencias. | ||
| 250 | |a Primera edición. |b Segunda reimpresión. | ||
| 260 | |a Barcelona, España: |b Crítica, |c 2017. | ||
| 300 | |a 826 páginas | ||
| 583 | |k Cristina María Rojas Aguilar |c 20210518 | ||
| 650 | |a Lengua española |z América |x Historia |9 869320 | ||
| 650 | |a Lengua española |x Aspectos políticos |z América |x Historia |9 869318 | ||
| 650 | |a Lengua española |x Provincialismos |z América |x Historia |9 869319 | ||
| 942 | |2 ddc |c BK | ||